000 00558nam a22002297a 4500
003 UA-OsUOA
001 838
007 ta
008 20050706b un ||||| |||| 00| 0 ukr d
100 _aСубботин А.Л.
090 _a1(091):929
_bС89
942 _cBK
040 _aUA-OsUOA
_brus
_cUA-OsUOA
_dUA-OsUOA
245 _aФрэнсис Бэкон
300 _a169 с.
955 _a3
041 _arus
080 _a1(091):929
260 _aМ.
_bМысль
_c1974
650 7 _a1(091) Історія філософії
_2UDC
999 _c287009
_d287009